000 01059njm a22002537a 4500
005 20100903150119.0
006 a|||||r|||||00| 0
007 sd ammalaaahaa
008 100903t xxu||||| |||| 00| 0 eng d
028 _aN 29319
_bHis Master's Voice
035 _aGR-248
100 _aBade Ghulam Ali
_918037
245 _aJidari luti ten :
_cby Bade Ghulam Ali
_h[sound recording]
_bmultaani kaanfi /
246 _aजिदरी लुटी तें / बड़े गुलाम अली
260 _aDum Dum, India
_bHis Master's Voice
300 _a1 sound disc [Gramophone Recording]
_banalog, 33 1/3rpm ;
_c9.5 in. (MP)
_fGramaphone Records
500 _aBrief record
505 _aSide-2 मारन मू ठे यू-सिन्धी काँफी (Maarn moo the yu-sindhi kaanfi) (Bade Ghulam Ali)
650 _aClassical music
_xExcerpts
_zIndia
_918040
700 _918050
700 _aRoy, Juthika
_918053
942 _2ddc
_cGR
999 _c43618
_d43618